BUSINESS COMMUNICATION & ORGANAIZATION MANAGEMENT (Record no. 8357)
[ view plain ]
| 000 -LEADER | |
|---|---|
| fixed length control field | 00342nam a2200133Ia 4500 |
| 003 - CONTROL NUMBER IDENTIFIER | |
| control field | OSt |
| 005 - DATE AND TIME OF LATEST TRANSACTION | |
| control field | 20230728061928.0 |
| 008 - FIXED-LENGTH DATA ELEMENTS--GENERAL INFORMATION | |
| fixed length control field | 170524s9999 xx 000 0 und d |
| 040 ## - CATALOGING SOURCE | |
| Transcribing agency | IIMT UNIVERSITY |
| 100 ## - MAIN ENTRY--PERSONAL NAME | |
| Personal name | GUPTA- C B |
| 245 #0 - TITLE STATEMENT | |
| Title | BUSINESS COMMUNICATION & ORGANAIZATION MANAGEMENT |
| 260 ## - PUBLICATION, DISTRIBUTION, ETC. | |
| Name of publisher, distributor, etc. | new delhi : Sultan chand |
| 942 ## - ADDED ENTRY ELEMENTS (KOHA) | |
| Source of classification or shelving scheme | |
| Koha item type | Book Bank |
| Withdrawn status | Lost status | Source of classification or shelving scheme | Damaged status | Not for loan | Home library | Current library | Date acquired | Total Checkouts | Barcode | Date last seen | Date last checked out | Uniform Resource Identifier | Price effective from | Koha item type |
|---|---|---|---|---|---|---|---|---|---|---|---|---|---|---|
| IIMT University Central Library Meerut | IIMT University Central Library Meerut | 05/30/2017 | 1 | 01-B-88784 | 03/30/2021 | 12/10/2020 | BUSINESS COMMUNICATION | 05/30/2017 | Book Bank |

